| 000 | 04251nam a22004577a 4500 | ||
|---|---|---|---|
| 005 | 20101020120314.0 | ||
| 010 | _aB-417764-784 | ||
| 020 |
_a9788131511244 _c399.00 |
||
| 035 | _aB-417764-784 | ||
| 037 | _bAsian Book Centre | ||
| 082 | _a658 | ||
| 100 |
_aKreitner, Robert _923696 |
||
| 245 |
_aManagement: _cby Robert Kreitner _btheory and applications / |
||
| 260 |
_aNew Delhi _bCengage Learning India _c2009 |
||
| 270 |
_a418, F.OI.E. Patparganj _bNew Delhi _e110092 |
||
| 300 |
_a409p. _c26cm(pbk) |
||
| 500 | _aIncludes index | ||
| 942 |
_2ddc _cEN _mKRE _h658 |
||
| 999 |
_c35776 _d35776 |
||